Fachadas y paredes interiores de ladrillos y bloques cerámicos para revestir (Registro nro. 174199)
[ vista simple ]
| 000 -LEADER | |
|---|---|
| fixed length control field | 00620nam a2200157Ia 4500 |
| 008 - FIXED-LENGTH DATA ELEMENTS--GENERAL INFORMATION | |
| fixed length control field | 240514t2022||||xx |||||||||||||| ||spa|| |
| 110 ## - MAIN ENTRY--CORPORATE NAME | |
| Corporate name or jurisdiction name as entry element | Hispalyt |
| 110 10 - MAIN ENTRY--CORPORATE NAME | |
| Corporate name or jurisdiction name as entry element | Gremi de Rajolers |
| 119 ## - | |
| -- | Arquitectura |
| -- | Diseño de Estructuras con materiales esenciales |
| 245 #0 - TITLE STATEMENT | |
| Title | Fachadas y paredes interiores de ladrillos y bloques cerámicos para revestir |
| 260 ## - PUBLICATION, DISTRIBUTION, ETC. (IMPRINT) | |
| Name of publisher, distributor, etc | Hispalyt |
| Date of publication, distribution, etc | 2022 |
| 538 ## - SYSTEM DETAILS NOTE | |
| Nota de detalles del sistema | Acceso vía web |
| 540 ## - CONDICIONES DE USO Y REPRODUCCIÓN | |
| -- | Acceso abierto |
| 650 ## - SUBJECT ADDED ENTRY--TOPICAL TERM | |
| Topical term or geographic name as entry element | Materiales de Construcción |
| 856 ## - LOCALIZACIÓN Y ACCESO ELECTRÓNICO | |
| Identificador Uniforme del Recurso (URI/URL) | https://paredesdeladrillo.com/wp-content/uploads/documentos/manual_tecnico_ladrillo_y_bloque_ceramico_hispalyt_sep_2022.pdf |
| 999 ## - | |
| -- | 174199 |
| -- | 174199 |
No hay ítems disponibles.